00814nam a2200181 a 450000100100000000500170001000800410002704000250006808200220009310000340011524501770014925000110032626000670033730000200040450000710042495201200049599900170061500003510620200930074116.0111025s1908 sp 000 0 spa d aDO-SdBNPbspacBNPHU axxxxbA816d, 19081 aAsensio Más, Ramón96077814aLos dos rivales :bzarzuela dramática en un acto, dividido en cuadro cuadros, en prosa y verso /cRamón Asencio Más, Jancinto Capella ; música Gerónimo Giménez. a2a ed. aMadrid :bR. Velasco, impresor, Marqués de Santa Ana,c1908. a45 p. ;c20 cm. aEstrena en el Teatro Martín la noche del 7 de noviembre de 1908. 001050718MOaGRbGRcCTd2011-10-25iLF1l0oxxxx A816d, 1908p35106-10r2020-06-25w2020-06-25y1ZNo se presta c34597d34597